Top 10 países asiáticos más fríos - Estadísticas

Estadísticas generales
  • Esta prueba ha sido intentada 3.994 veces
  • La puntuación promedio es 8 de 10
Estadísticas de respuestas
° C País % Correcto
0,8 Mongolia
95%
7,9 China
94%
7,3 Kazajistán
91%
7,2 Corea del Norte
85%
10,0 Nepal
84%
2,8 Kirguistán
80%
2,6 Tayikistán
78%
5,7 Bután
74%
8,1 Georgia
71%
8,6 Armenia
68%
No se encontraron pruebas coincidentes
Distribución de puntuación
Porcentaje de gente con cada puntuación
Porcentaje por número respondido
Historial de tus puntuaciones
No has intentado esta prueba.